| 000 | 00461 a2200133 4500 | ||
|---|---|---|---|
| 999 |
_c199547 _d199547 |
||
| 082 |
_a634 _bRES/CH |
||
| 100 | _aReshma Reghu | ||
| 245 | _aCharacterization of kuttiattor mango ( Mangifera indica L.) cultivar of kannur district, Kerala | ||
| 260 |
_aVellanikara _bDept. of plantation breeding and genetics, College of horticulture _c2017 |
||
| 650 | _aFruits, soil, plantation breeding, genetics | ||
| 700 | _aElsy C R, Guide | ||
| 942 | _cTH | ||
| 942 | _2ddc | ||